Volodymyr Zelenskyy Filmography - Statistics

General Stats
  • This quiz has been taken 18 times
    2 since last reset
  • The average score is 2 of 31
Answer Stats
Type Year Name % Correct
TV Show 2015-2019 Servant of the People
100%
TV Show 2006 Dancing with the Stars (Ukraine)
50%
TV Film 2005 The Three Musketeers
50%
Documentary Series 2023, 2025 60 Minutes
0%
Film 2012 8 First Dates
0%
Film 2015 8 New Dates
0%
Documentary 2022 Freedom on Fire: Ukraine's Fight for Freedom
0%
TV Documentary 2022 La Story Zelensky
0%
Film 2009 Love in the Big City
0%
Film 2012 Love in the Big City 2
0%
Film 2014 Love in Vegas
0%
TV Mini-Series 2014 Lyubov v Bolshom Gorode 3
0%
Documentary Series 2023, 2024, 2025 Meet the Press
0%
Director 2018 Me. You. He. She.
0%
Film 2011 Office Romance. Our Time
0%
Documentary Mini-Series 2023-2024 Putin Versus the West
0%
Documentary Series 2023 Russia Lies
0%
Film 2012 Rzhevsky Versus Napoelon
0%
Documentary 2022 Selenskyj - Ein Präsident im Krieg
0%
TV Show 2012 Skazochnaya Rus
0%
Documentary 2023 Superpower
0%
Production 2008-2012 Svaty
0%
Documentary 2024 The Zelenskyys: Stronger Together
0%
Documentary Mini-Series 2024 The Zelenskyy Story
0%
Documentary Mini-Series 2023 Tracks East
0%
Documentary Series 2024 Turning Point: The Bomb and the Cold War
0%
Documentary Series 2022-Present Ukraine on Fire 2
0%
TV Special 2023 War Zone: Bear Grylls Meets President Zelenskyy
0%
Film 2018 Ya, Ty, On, Ona
0%
Documentary 2023 Year
0%
Short TV Documentary 2022 Zelenskyy: The Man Who Took on Putin
0%
No matching quizzes found
Score Distribution
Percent of People with Each Score
Percentile by Number Answered
Your Score History
You have not taken this quiz since the last reset